00549 a2200169 4500003000500000005001700005040000900022082000800031100002600039245010500065260004200170300001100212650002400223942001200247999001900259952010100278Nust20170207170502.0 cNust a005 aBonaventure, Olivier  aComputer networking : principles, protocols and practice - release 0.25 (EBOOK)cOlivier Bonaventure aNew YorkbThe Saylor Foundationc2011 a282 p. aComputer Networking 2ddccBK c215086d215086 00102ddc40708NFICaMCSbMCSd2016-12-12l0o005 BONpMCSEB-3342r2016-12-08w2016-12-12yBK